000 00277nam a22001337a 4500
008 170930b xxu||||| |||| 00| 0 eng d
020 _a37730
041 _aeng
080 _a37
100 _a47
101 _aEDU
245 _aWORLD OF LANGUAGE
_cTOTH, M.D
942 _2udc
_cBK
999 _c30932
_d30932